000 01144cam a2200325 a 4500
999 _c491
_d491
001 12358845
003 GZU
005 20200901150120.0
008 010216s2001 ke b 000 0 eng
010 _a 00379356
020 _a9966215700
035 _a(DLC) 00379356
040 _aDLC
_cDLC
_dDLC
042 _alcode
043 _af-ke---
050 0 0 _aBR1443.K4
_bSHO 2001
100 1 _aShorter, Aylward.
_eauthor
245 1 0 _aNew religious movements in Africa /
_cby Aylward Shorter and Joseph N. Njiru.
260 _aNairobi, Kenya :
_bPaulines Publications Africa,
_c2001.
300 _a112 p. ;
_c22 cm.
500 _aIncludes bibliographical references.
504 _aIncludes bibliographical references.
650 0 _aChristian sects
_zKenya
_zNairobi
_xHistory
_y20th century.
650 0 _aChristianity
_zKenya
_zNairobi
_xHistory
_y20th century.
651 0 _aNairobi (Kenya)
_xChurch history
_y20th century.
700 1 _aNjiru, Joseph N.
_eauthor
906 _a7
_bcbc
_corigode
_d3
_encip
_f20
_gy-gencatlg
942 _2lcc
_cBK
_h1443.K4
_iSHO
_kBR